MDQL
is popping MORE tags! Check the
thread
!
Quizzes
Events
Quiz Creation
Community
Videos
Private Events
Remove Ads
Sign In
Join for FREE
Feedback
Dark Mode
Quiz Categories
Sports
Geography
Music
Movies
Television
Just For Fun
Miscellaneous
History
Literature
Language
Science
Gaming
Entertainment
Religion
Holiday
For Kids
Quiz Lab
Recent
Popular Today
Quiz Kudos Today
Editor Picks
Curator Picks
Quizzes by...
Day
Popularity
Type
Ratings
Length
Year
Community
Subscriptions
Recent Discussions
Orange Saloon
Badges
Playlists
Quests
Create
Leaderboards
Showdown
Live 5
Trivia Bingo
Activity
Puzzle Library
Sporcle Events
Private Events
Virtual Trivia
Globe League
Become a Host
Pub Owners
SporcleCon
Opinionation
Our Games
Videos
Blog
Mobile Apps
Partnerships
Remove Ads and Go Orange
Feedback
Literature
Harry Potter
A Song of Ice and Fire
The Hunger Games
Literary Character
Shakespeare
Book
Author
Novel
Poem
Young Adult
Children's Books
Play
Lord of the Rings
Literature
Harry Potter
A Song of Ice and Fire
The Hunger Games
Literary Character
Shakespeare
Book
Author
Novel
Poem
Young Adult
Children's Books
Play
Lord of the Rings
Random Quiz
Search Sporcle
×
Quiz Lab
Quiz Lab
Literature
Song
Type in answers that appear in a list
Type in answers that appear in a list
Classic
Best Score? Go Orange.
The Witches' Song from Macbeth Stats
Can you name the words to the Witches' song, 'Double Double Toil and Trouble' from Shakespeare's play Macbeth?
By
BladeSword122
15m
208 Questions
446 Plays
446 Plays
446 Plays
Comments
Comments
Give Quiz Kudos
Give Quiz Kudos
-
- Ratings
hide this ad
Replay
Link that replays current quiz
Next Quiz
Link to next quiz in quiz playlist
You Got
0%
They Got
Avg Score
66%
Avg Friend Score
Upgrade to see
Score Distribution
Jump to the score distribution portion of the page
Score
0/208
Timer
15:00
0
Plays Today
% Correct
the
97.7%
and
97.7%
the
97.7%
the
97.7%
the
97.7%
and
97.7%
and
97.7%
and
97.7%
a
97.7%
the
97.7%
and
97.7%
and
97.7%
and
97.7%
and
97.7%
and
97.7%
a
97.7%
and
97.7%
and
97.7%
and
97.7%
and
97.7%
the
97.7%
the
97.7%
and
97.7%
the
97.7%
and
97.7%
a
97.7%
the
97.7%
and
97.7%
a
97.7%
and
97.7%
and
97.7%
a
97.7%
the
97.7%
and
97.7%
Double,
94.6%
double
94.6%
Double,
94.6%
double
94.6%
Double,
94.6%
double
94.6%
toil
93.7%
trouble,
93.7%
trouble,
93.7%
toil
93.7%
trouble;
93.7%
toil
93.7%
trouble,
93.7%
cauldron
90.8%
cauldron
90.8%
cauldron
90.8%
cauldron
90.8%
cauldron.
90.8%
cauldron
90.8%
bubble!
87.8%
bubble.
87.8%
bubble.
87.8%
bubble.
87.8%
fire
86.3%
fire
86.3%
fire
86.3%
burn
85.8%
burn
85.8%
burn
85.8%
of
85.4%
of
85.4%
of
85.4%
of
85.4%
of
85.4%
of
85.4%
of
85.4%
% Correct
of
85.4%
Of
85.4%
of
85.4%
of
85.4%
of
85.4%
of
85.4%
of
85.4%
of
85.4%
of
85.4%
Eye
81.1%
newt
78.4%
In
75.9%
in
75.9%
in
75.9%
in
75.9%
in
75.9%
frog,
74.1%
dog,
71.4%
tongue
69.8%
Boil
69.1%
boil
69.1%
boil
69.1%
bat
68.9%
go:
67.1%
toe
66.7%
snake,
62.8%
For
61.7%
For
61.7%
wing,
61.5%
cat
59.7%
is
59.5%
it
57.7%
Toad,
57%
bake;
57%
Round
56.3%
leg
55.6%
about
55.4%
by
55.4%
blood,
54.7%
that
54.3%
charm
54.3%
charm
54.3%
pot.
53.6%
with
53.6%
'tis
53.4%
'tis
53.4%
throw.
53.4%
Thrice
53.2%
Thrice
53.2%
Wool
52.9%
Fillet
52.7%
Then
52.7%
good.
52.7%
fenny
52%
time!
51.8%
time!
51.8%
nights
51.4%
Finger
51.4%
entrails
51.1%
Liver
50.9%
tooth
50.5%
hath
50.2%
poisoned
50.2%
Days
50.2%
Jew;
50.2%
once,
50%
Nose
49.8%
wolf,
49.5%
our
49.5%
babe
49.3%
% Correct
Add
49.3%
pig
48.9%
dark,
48.9%
baboon's
48.9%
mew'd
48.4%
dragon,
48.2%
Lizard's
48%
under
47.7%
cold
47.7%
Scale
47.7%
stone,
47.5%
lips,
47.1%
birth-strangled
46.8%
sting,
46.6%
has
45.9%
cries
45.7%
blaspheming
45.3%
Cool
45.3%
Harpier
45%
thirty-one.
45%
charmed
44.8%
Turk
44.8%
tiger's
44.8%
venom
44.6%
yew
44.6%
Ditch
44.6%
firm
44.6%
drab-
44.4%
hedge
44.1%
whin'd
44.1%
mummy,
44.1%
maw
44.1%
deliver'd
44.1%
gulf
43.7%
Make
43.7%
shark,
43.2%
moon's
43.2%
Tartar's
43%
powerful
42.8%
salt-sea
42.6%
Root
42.3%
ingredients
42.3%
brinded
42.1%
hemlock
41.9%
blindworm's
41.7%
Like
41.7%
howlet's
41.4%
chaudron,
41.4%
Adder's
41.2%
thou
41%
Witch's
41%
goat;
40.5%
hell-broth
40.3%
digg'd
39.9%
got,
39.6%
eclipse.
39.6%
first
39.4%
fork
39.4%
slips
39.4%
sleeping
39%
thick
39%
Gall
38.3%
slab:
37.8%
gruel
37.4%
ravin'd
37.2%
Silver'd
37.2%
thereto
33.6%
Sweated
28.8%
Quiz Playlist
Details
Report
Send in Message
Add To Playlist
Classic:
Type in answers that appear in a list
Quiz Source
Last Updated: Feb 16, 2017
Quiz Scoreboard
CHALLENGE
Sign Up to Join the Scoreboard
Show All
Scores
Hide
Comments
May contain spoilers
Recently Published
Holiday 10x10 Sorting Gallery
by lukepisani3
Holiday
15m
Two Season TV Shows II
by 123Four
Television
10m
Image Sorting: Flags VI
by Barbecue
Geography
2m
More to Explore
Quiz From the Vault
Featured Blog Post
14 Easter Pick-up Lines to Find Eggs With
hide this ad
You Might Also Like...
Tags
Halloween Quiz
Play Quiz
Shakespeare Quiz
Song Quiz
bubble
Burn
Cauldron
double
fire
Macbeth
trouble
Witch
Today's Top Quizzes in Literature
Browse Literature
hide this ad
Today's Top Quizzes in Song
Browse Song
Top Contributed Quizzes in Literature
1
Sneaky Slytherin Logic Puzzle
2
Game of Thrones: Hodor
3
Harry Potter logic puzzle: The Hogwarts Soap Opera
4
Criteria Quiz: Harry Potter Deaths
5
Moaning Myrtle's Bathroom: Logic Puzzle
6
Get The Picture: Black or White Literature
7
50 Books...Fast and Fatal!
8
Logic Puzzle: Avoid Dumbledore's Army
9
'Middle' Earth
10
Weasley Family Reunion: Logic Puzzle
Explore More
Trending Topics
NBA
Marvel
Disney
Harry Potter
Anime
Crossword
Kpop
Song
Puzzle
The Office
NFL
Pokémon
Country
Soccer
WWE
hide this ad
More By:
BladeSword122
Quiz
Plays
Rating
Category
Featured
Created
Largest Cities Through History
5,664
4.33
History
Aug 29, 2012
Most Populous Countries Through History
4,140
4.12
Geography
Jul 15, 2013
Male Tennis Open Era Grand Slam (Major) Winners
4,032
4.63
Sports
Jul 14, 2013
How I Met Your Mother or Big Bang Theory Characters
3,976
4.70
Television
Dec 4, 2014
Single Handed Backhands in ATP Top 100
2,810
4.75
Sports
Feb 3, 2015
Go to Creator's Profile
Score Distribution
Quiz Creator Spotlight
BladeSword122
Follow
Send a Message
Quizzes Created
-
Created Quiz Play Count
-
More By This Creator
Popular Quizzes Today
1
Find the US States - No Outlines Minefield
2
Colored Red Africa Blitz
3
Find the 'City' Movie
4
The Countries of the World
5
Find the US States
6
5x2 Blitz: Bands
7
Find the Countries of Europe - No Outlines Minefield
8
US States
More Literature Quizzes
Oscar Wilde: Multiple Choice Profile
Editor's Pick
Trending Quizzes
Colored Red Europe Blitz I
Colored Red Europe Blitz II
Colored Red Africa Blitz II
Colored Red Africa Blitz III
Colored Red Europe Blitz III
Recently Updated
Odd Team Out - Big 4 Players
pecheneg
Quick Pick: 20 Twenties
pecheneg
March Madness Men's Triple Doubles
pecheneg
How Do You Spell That?
pecheneg
Godzilla Movies
pecheneg
Grab Bag: 4-10 Letters
pecheneg
2024 March Madness Bracket
pecheneg
Famous TV Couples
Peacemaker
Champions League XIs: Real Madrid
pecheneg
Largest US Cities 1790-2010
pecheneg
Trending Topics
Harry Potter
NBA
Disney
Crossword
Marvel
Anime
Kpop
Pokémon
Country
Soccer
NFL
The Office
WWE
Song
Puzzle
Your Account Isn't Verified!
In order to create a playlist on Sporcle, you need to verify the email address you used during registration. Go to your
Sporcle Settings
to finish the process.
Report this User
Report this user for behavior that violates our
Community Guidelines
.
Details:
Send Report
Go to the Sporcle.com Mobile Site →
Comments